INORGANIC CHEMISTRY (Record no. 10094)

MARC details
000 -LEADER
fixed length control field 00300nam a22001457a 4500
003 - CONTROL NUMBER IDENTIFIER
control field SGT
082 ## - DEWEY DECIMAL CLASSIFICATION NUMBER
Classification number SAH 546
100 ## - MAIN ENTRY--PERSONAL NAME
Personal name SAHOO,BALARAM
245 ## - TITLE STATEMENT
Title INORGANIC CHEMISTRY
250 ## - EDITION STATEMENT
Edition statement 1ST
260 ## - PUBLICATION, DISTRIBUTION, ETC. (IMPRINT)
Place of publication, distribution, etc NEW DELHI
Name of publisher, distributor, etc PHI
Year of Publication 2012
300 ## - PAGE DESCRIPTION
No. of Pages 1036
650 ## - SUBJECT ADDED ENTRY--TOPICAL TERM
Topical term or geographic name as entry element INORGANIC CHEMISTRY
942 ## - ADDED ENTRY ELEMENTS (KOHA)
Source of classification or shelving scheme Dewey Decimal Classification
Koha item type FPS Books
Holdings
Withdrawn status Lost status Source of classification or shelving scheme Damaged status Not for loan Collection code Home library Current library Shelving location Date acquired Vendor Name Cost, normal purchase price SGTU Bill Number Total Checkouts Full call number Accession No. (Barcode) Date last seen Bill Date Koha item type Date last borrowed
    Dewey Decimal Classification     SCIENCE SGT Science & Social Sciences Library SGT Science & Social Sciences Library Text Book 03/12/2016 UNIVERSAL BOOK 395.00 SGTU 377   SAH 546 PS3083 03/12/2016 20/10/2016 FPS Books  
    Dewey Decimal Classification     SCIENCE SGT Science & Social Sciences Library SGT Science & Social Sciences Library Text Book 03/12/2016 UNIVERSAL BOOK 395.00 SGTU 377   SAH 546 PS3084 03/12/2016 20/10/2016 FPS Books  
    Dewey Decimal Classification     SCIENCE SGT Science & Social Sciences Library SGT Science & Social Sciences Library Text Book 03/12/2016 UNIVERSAL BOOK 395.00 SGTU 377   SAH 546 PS3085 03/12/2016 20/10/2016 FPS Books  
    Dewey Decimal Classification     SCIENCE SGT Science & Social Sciences Library SGT Science & Social Sciences Library Text Book 03/12/2016 UNIVERSAL BOOK 395.00 SGTU 377 1 SAH 546 PS3086 08/03/2019 20/10/2016 FPS Books 05/11/2018